<?xml version="1.0" encoding="UTF-8"?>
<record
    xmlns:xsi="http://www.w3.org/2001/XMLSchema-instance"
    xsi:schemaLocation="http://www.loc.gov/MARC21/slim http://www.loc.gov/standards/marcxml/schema/MARC21slim.xsd"
    xmlns="http://www.loc.gov/MARC21/slim">

  <leader>01331njm a22002657a 4500</leader>
  <controlfield tag="005">2010090608428.0</controlfield>
  <controlfield tag="006">a|||||r|||||00| 0 </controlfield>
  <controlfield tag="007">sd ammalaaahaa</controlfield>
  <controlfield tag="008">100901t        xxu||||| |||| 00| 0 eng d</controlfield>
  <datafield tag="028" ind1=" " ind2=" ">
    <subfield code="a">N-52098</subfield>
    <subfield code="b">His Master 's Voice</subfield>
  </datafield>
  <datafield tag="035" ind1=" " ind2=" ">
    <subfield code="a">GR-592</subfield>
  </datafield>
  <datafield tag="040" ind1=" " ind2=" ">
    <subfield code="a">SED</subfield>
    <subfield code="c">SED</subfield>
  </datafield>
  <datafield tag="100" ind1=" " ind2=" ">
    <subfield code="a">Hement Kumar</subfield>
    <subfield code="9">17816</subfield>
  </datafield>
  <datafield tag="245" ind1=" " ind2=" ">
    <subfield code="a">Narsi Bhagat /</subfield>
    <subfield code="h">[Gramophone Recoding] : </subfield>
    <subfield code="b"> </subfield>
    <subfield code="c">by Hemant kumar,Sudha malhotra [and] Manna Day</subfield>
  </datafield>
  <datafield tag="246" ind1=" " ind2=" ">
    <subfield code="a">&#x928;&#x930;&#x938;&#x940;  &#x92D;&#x917;&#x924;  /</subfield>
  </datafield>
  <datafield tag="260" ind1=" " ind2=" ">
    <subfield code="a">Dum Dum, India:</subfield>
    <subfield code="b">His Master 's Voice</subfield>
  </datafield>
  <datafield tag="300" ind1=" " ind2=" ">
    <subfield code="a">1 sound Disc [GramaphoneRecording] :</subfield>
    <subfield code="b">analog, 33 1/3 rpm ;</subfield>
    <subfield code="c">9.5 in (MP)</subfield>
    <subfield code="f">Gramaphone Records</subfield>
  </datafield>
  <datafield tag="500" ind1=" " ind2=" ">
    <subfield code="a">Brief Record</subfield>
  </datafield>
  <datafield tag="505" ind1=" " ind2=" ">
    <subfield code="a">&#x967; &#x926;&#x930;&#x94D;&#x936;&#x947;&#x928; &#x926;&#x94B; &#x918;&#x928;&#x938;&#x94D;&#x92F;&#x93E;&#x92E; (&#x928;&#x930;&#x938;&#x940; &#x92D;&#x917;&#x924;)(&#x939;&#x947;&#x92E;&#x902;&#x924; &#x915;&#x941;&#x92E;&#x93E;&#x930;,&#x938;&#x941;&#x927;&#x93E; &#x92E;&#x932;&#x94D;&#x939;&#x94B;&#x924;&#x94D;&#x930;&#x93E;)1 Darshen Do Ghansyam (Narsi Bhgat) (Hement Kumar,Sudha Malhotra )&#x936;&#x94D;&#x930;&#x93F;&#x926;&#x947; &#x968; &#x906;&#x91C; &#x92B;&#x947;&#x938;&#x932;&#x93E; &#x924;&#x947;&#x930;&#x947; &#x926;&#x941;&#x935;&#x93E;&#x930; &#x92A;&#x930; (&#x928;&#x930;&#x938;&#x940; &#x92D;&#x917;&#x924; )(&#x92E;&#x928;&#x94D;&#x928;&#x93E; &#x921;&#x947; )Side2 aaj phesela tere duvar par(Narsi Bhgat)(Manna Day)</subfield>
  </datafield>
  <datafield tag="650" ind1=" " ind2=" ">
    <subfield code="a">Motion Picture Music</subfield>
    <subfield code="x">Excerpts</subfield>
    <subfield code="z">India</subfield>
    <subfield code="9">17817</subfield>
  </datafield>
  <datafield tag="700" ind1=" " ind2=" ">
    <subfield code="9">17836</subfield>
    <subfield code="a">Malhotra, Sudha </subfield>
  </datafield>
  <datafield tag="700" ind1=" " ind2=" ">
    <subfield code="a">Manna Day</subfield>
    <subfield code="9">18607</subfield>
  </datafield>
  <datafield tag="942" ind1=" " ind2=" ">
    <subfield code="2">ddc</subfield>
    <subfield code="c">GR</subfield>
  </datafield>
  <datafield tag="999" ind1=" " ind2=" ">
    <subfield code="c">44030</subfield>
    <subfield code="d">44030</subfield>
  </datafield>
  <datafield tag="952" ind1=" " ind2=" ">
    <subfield code="0">0</subfield>
    <subfield code="1">0</subfield>
    <subfield code="2">ddc</subfield>
    <subfield code="4">0</subfield>
    <subfield code="7">1</subfield>
    <subfield code="8">NFIC</subfield>
    <subfield code="a">L</subfield>
    <subfield code="b">L</subfield>
    <subfield code="d">2010-09-06</subfield>
    <subfield code="e">SED/VEN</subfield>
    <subfield code="l">0</subfield>
    <subfield code="p">GR-592</subfield>
    <subfield code="r">2010-09-06 00:00:00</subfield>
    <subfield code="t">1</subfield>
    <subfield code="w">2010-09-06</subfield>
    <subfield code="y">GR</subfield>
  </datafield>
</record>
